| 000 | 00937nam a2200265 a 4500 | ||
|---|---|---|---|
| 999 |
_c2457 _d2457 |
||
| 008 | 200319b2013 abd|g m|||a00| 0 eng d | ||
| 040 |
_aKO _beng |
||
| 041 | 0 | _aeng | |
| 044 | _aii | ||
| 082 | 0 | 4 |
_223 _a378.242 _bIRM1210 |
| 100 | 1 |
_aTom, Manu _eResearcher |
|
| 245 | 1 | 3 |
_aAn Overall Study on Adani Port and Special Economic Zone : _binternship report / _cManu Tom ; Guide Yogamala H. L. |
| 260 |
_aKochi : _bIndian Maritime University, _c2013 |
||
| 300 |
_a60 p. : _bill., charts, maps ; _c29 cm. |
||
| 490 | 0 |
_aMBA Internship 2012-14 ; _v12500081010 |
|
| 502 | _aInternship (MBA)–Indian Maritime University. School of Maritime Management, 2013. | ||
| 610 | 2 | _aAdani Ports and Special Economic Zone Limited (Ahmedabad) | |
| 650 | 0 |
_aEconomic zoning _zIndia |
|
| 655 | 7 |
_2lcsh _aDissertations, Academic _y2013 |
|
| 700 | 1 |
_aH. L., Yogamala, _cDr. _eGuide |
|
| 904 | _aRUDRA_R | ||
| 905 | _aR_RANJAN | ||
| 942 | _cTH | ||